[Event "WY U-16 Olympiad"]
[Site "Burdur TUR"]
[Date "2010.12.04"]
[Round "10"]
[White "Du Randt,Jeandre"]
[Black "Semianiuk,K"]
[Result "0-1"]
[WhiteElo "1844"]
[BlackElo "2030"]

1.e4 c5 2.Nf3 Nc6 3.d4 cxd4 4.Nxd4 Qb6 5.Nxc6 bxc6 6.Nc3 d6 7.Be2 Nf6 8.O-O e6
9.Re1 Be7 10.Bf3 e5 11.g3 O-O 12.Kh1 Rd8 13.Bg2 Ng4 14.Be3 Nxf2+ 15.Bxf2 Qxf2
16.Rf1 Qb6 17.Qf3 f6 18.Na4 Qb4 19.Qb3+ Qxb3 20.axb3 Be6 21.Nc3 a5 22.Rfd1 Kf7
23.Ra4 g6 24.Rda1 d5 25.exd5 cxd5 26.Rxa5 Rxa5 27.Rxa5 e4 28.Kg1 f5 29.Ne2 d4
30.Nf4 Rc8 31.Re5 Bd7 32.Rd5 Bc6 33.Ra5 Bg5 34.Rc5 Bb7 35.Rxc8 Bxc8 36.Nd5 Ke6
37.Nb4 Be7 38.Nc6 Bc5 39.b4 Bb6 40.Kf1 Ba6+ 41.Ke1 g5 42.Na5 Kd5 43.Nb3 h5
44.Nd2 Bc7 45.c3 d3 46.Nb3 Bb6 47.Nd2 Be3 48.b3 Bxd2+ 49.Kxd2 f4 50.gxf4 gxf4
51.b5 Bb7 52.Bf1 Kc5 53.Bxd3 exd3 54.Kxd3 Kxb5 55.h4 Kc5 56.Ke2 Bd5 57.Kd3 Bxb3
58.Ke4 Kc4 59.Kxf4 Bd1 60.Ke4 Kxc3 61.Ke3 Bg4 62.Ke4 Kd2 63.Kf4 Ke2 64.Kg3 Ke3  0-1

[Event "Azerbaijanian Solidarity Day"]
[Site "Baku AZE"]
[Date "2010.12.25"]
[Round "5.2"]
[White "Orujov,S"]
[Black "Gasanov,E"]
[Result "0-1"]
[WhiteElo "2152"]
[BlackElo "2488"]

1.e4 c5 2.Nf3 Nc6 3.d4 cxd4 4.Nxd4 Qb6 5.Nb3 Nf6 6.Nc3 e6 7.Be3 Qc7 8.a3 a6
9.f4 d6 10.Bd3 Be7 11.O-O O-O 12.Qf3 b5 13.Nd4 Nxd4 14.Bxd4 e5 15.fxe5 dxe5
16.Qg3 Bc5 17.Bxc5 Qxc5+ 18.Kh1 Qe7 19.Qf3 Bb7 20.Nd1 Nd7 21.Ne3 g6 22.c4 Nc5
23.Nd5 Bxd5 24.cxd5 f5 25.Bc2 f4 26.b4 Nd7 27.Bb3 Kg7 28.Rac1 Rac8 29.Rc3 Rxc3
30.Qxc3 Nf6 31.Re1 Ng4 32.Bd1 Rc8 33.Qd2 Ne3 34.Bb3 Qh4 35.Kg1 Qg5 36.d6 Rd8
37.g3 Qf6 38.d7 Qe7 39.Qb2 Kh6 40.Qf2 g5 41.gxf4 exf4 42.Qf3 Rxd7 43.e5 Rd3
44.Ba2 Qxe5 45.Bb1 g4 46.Qb7 Qd5 47.Qxd5 Rxd5 48.Rc1 g3 49.hxg3 fxg3 50.Re1 Re5
51.Bc2 Re7 52.a4 bxa4 53.Bxa4 Kg5 54.b5 axb5 55.Bxb5 h5 56.Bf1 Kf4 57.Bh3 Rc7
58.Rb1 Rc2 59.Ra1 Kf3 60.Re1 h4 61.Rb1 Rd2 62.Ra1 g2 63.Bc8 Rb2 64.Bd7 Re2
65.Ba4 Kg3 66.Bc6 h3 67.Bxg2 Nxg2  0-1

[Event "ch-CRO"]
[Site "Marija Bistrica CRO"]
[Date "2011.01.18"]
[Round "2.1"]
[White "Zelcic,R"]
[Black "Jankovic,A"]
[Result "1/2-1/2"]
[WhiteElo "2538"]
[BlackElo "2564"]

1.e4 c5 2.Nf3 Nc6 3.d4 cxd4 4.Nxd4 Qb6 5.Nb3 Nf6 6.Bd3 d5 7.exd5 Nxd5 8.O-O g6
9.Bc4 Nf6 10.Nc3 Bg7 11.Nb5 O-O 12.Bf4 Bg4 13.Qc1 Rfc8 14.h3 Nb4 15.Be3 Qd8
16.Nc5 Bf5 17.Rd1 Qe8 18.Na3 b6 19.Bb5 Qf8 20.Nd3 Nbd5 21.Bc4 h5 22.Bg5 e6
23.Ba6 Rc6 24.Bb7 Rac8 25.Bxc6 Rxc6 26.Nb5 Ne4 27.Be3 Nxe3 28.Qxe3 Rxc2 29.Rac1 Bh6
30.f4 Rxc1 31.Rxc1 Nf6 32.Nxa7 Nd5 33.Qd4 Kh7 34.Rc8 Qg7 35.Qxg7+ Kxg7 36.Nf2 Bxf4
37.g4 hxg4 38.hxg4 Bb1 39.a4 Be5 40.Rc1 Ba2 41.Nc6 Bf6 42.Nd3 Bg5 43.Ra1 Bc4
44.Nde5 Be3+ 45.Kg2 Be2 46.b4 f6 47.Nf3 e5 48.g5 Nf4+ 49.Kg3 Nh5+ 50.Kg2 Nf4+  1/2-1/2

[Event "16th HIT Open"]
[Site "Nova Gorica SLO"]
[Date "2011.01.31"]
[Round "6"]
[White "Srebrnic,M"]
[Black "Kersic,M"]
[Result "1-0"]
[WhiteElo "2362"]
[BlackElo "2137"]

1.e4 c5 2.Nf3 Nc6 3.d4 cxd4 4.Nxd4 Qb6 5.Nb3 Nf6 6.Bd3 e6 7.Be3 Qc7 8.Nc3 a6
9.f4 d6 10.Qf3 Be7 11.O-O-O Nb4 12.Kb1 O-O 13.g4 Nd7 14.g5 b5 15.Nd4 Bb7
16.h4 Rac8 17.h5 Nc5 18.f5 Nbxd3 19.cxd3 b4 20.Nce2 e5 21.f6 exd4 22.Bxd4 Nxe4
23.dxe4 Qc2+ 24.Ka1 Bxe4 25.Qe3 Bxh1 26.Rxh1 Rfe8 27.fxe7 Qc7 28.Bf6 gxf6
29.gxf6 Kh8 30.Rg1 Qc5 31.Qg3  1-0

[Event "ch-TUR"]
[Site "Kemer-Antalya TUR"]
[Date "2011.02.07"]
[Round "4"]
[White "Yuksel,A"]
[Black "Ersoz,Celalettin"]
[Result "1-0"]
[WhiteElo "2029"]
[BlackElo "1629"]

1.e4 c5 2.Nf3 Nc6 3.d4 cxd4 4.Nxd4 Qc7 5.Nc3 e6 6.Be3 a6 7.a4 h5 8.Be2 Nf6
9.Qd2 Bb4 10.f3 d6 11.O-O Bd7 12.Kh1 Nxd4 13.Bxd4 e5 14.Bf2 h4 15.Rfd1 Bxc3
16.bxc3 Ke7 17.Rab1 Bxa4 18.c4 Bc6 19.Qb4 Nd7 20.Rd2 Rad8 21.Rbd1 Nc5 22.Rxd6 Rxd6
23.Bxc5 Rd8 24.f4 f6 25.fxe5 fxe5 26.Bxd6+ Rxd6 27.Qc5  1-0

[Event "ch-ROU Men"]
[Site "Sarata Monteoru ROU"]
[Date "2011.02.13"]
[Round "2.20"]
[White "Malureanu,C"]
[Black "Posedaru,B"]
[Result "1/2-1/2"]
[WhiteElo "2138"]
[BlackElo "2322"]

1.e4 c5 2.Nf3 Nc6 3.d4 cxd4 4.Nxd4 Qb6 5.Nb3 Nf6 6.Nc3 e6 7.Bd3 Qc7 8.f4 d6
9.Qf3 a6 10.g4 b5 11.g5 Nd7 12.Be3 Nb6 13.O-O-O Na4 14.Ne2 Bb7 15.Qh3 g6
16.Kb1 Bg7 17.Ned4 Nxd4 18.Bxd4 e5 19.fxe5 dxe5 20.Be3 O-O 21.Qg4 f5 22.gxf6 Rxf6
23.h4 h5 24.Qg2 Raf8 25.Rhf1 Rxf1 26.Rxf1 Rxf1+ 27.Qxf1 Qe7 28.Bxb5 axb5
29.Qxb5 Qxh4 30.Qxb7 Qe1+ 31.Bc1 h4 32.Nd2 Bh6 33.Qd5+ Kf8 34.Qd6+ Kf7 35.Qd7+  1/2-1/2

[Event "IV Open A"]
[Site "Gora Swietej Anny POL"]
[Date "2011.02.14"]
[Round "4.25"]
[White "Kiryczuk,Artur"]
[Black "Lesniowski,Boguslaw"]
[Result "1/2-1/2"]
[WhiteElo "1429"]
[BlackElo "1660"]

1.e4 c5 2.Nf3 Nc6 3.d4 cxd4 4.Nxd4 Qc7 5.Nc3 e6 6.Nf3 a6 7.Be3 b5 8.a3 Bb7
9.Bd3 Nf6 10.Qd2 b4 11.axb4 Bxb4 12.O-O Ng4 13.Be2 Nxe3 14.Qxe3 O-O 15.Na2 Be7
16.c3 a5 17.Nc1 a4 18.Nd4 Ne5 19.Nb5 Qc6 20.f4 Nc4 21.Bxc4 Qxc4 22.Nd4 Bc5
23.Nce2 d6 24.e5 Qd5 25.Rf2 Rfe8 26.exd6 f6 27.d7 Qxd7 28.Kh1 e5 29.fxe5 fxe5
30.Qg5 Qc7 31.Rf5 h6 32.Qg6 exd4 33.Raf1 Be4 34.Ng3 Qe7 35.Nxe4 Qxe4 36.Qf7+ Kh8
37.Rxc5 dxc3 38.Rxc3 Re7 39.Qf2 Rae8 40.Rf3 Re6 41.h3 Rc8 42.Rf4 Qc6 43.Rf8+ Rxf8
44.Qxf8+ Kh7 45.Qf5+ Rg6 46.Rf2 Qe6 47.Qc2 Qe1+ 48.Kh2 Qe5+ 49.Kh1  1/2-1/2

[Event "Frauenbundesliga 1st Div 2010-11"]
[Site "Germany GER"]
[Date "2011.02.19"]
[Round "8.4"]
[White "Schoene,Mar"]
[Black "Voicu,C"]
[Result "0-1"]
[WhiteElo "2200"]
[BlackElo "2316"]

1.e4 c5 2.Nf3 Nc6 3.d4 cxd4 4.Nxd4 Qb6 5.Nb3 Nf6 6.Nc3 e6 7.a3 a6 8.Be3 Qc7
9.f4 d6 10.Be2 b5 11.Qd2 Be7 12.O-O-O b4 13.axb4 Nxb4 14.Bf3 Rb8 15.g4 Nd7
16.g5 Nb6 17.Qd4 O-O 18.Qxb4 Nc4 19.Qa4 Nxe3 20.Rd4 e5 21.Rd2 exf4 22.h4 Be6
23.Nd5 Qb7 24.Qd4 Bxd5 25.exd5 Nxc2 26.Rxc2 Qxb3 27.Bg4 Rb4 28.Qa7 Rc4 29.Rh2 Bd8
30.Bd7 Bb6 31.Qxa6 Qe3+ 32.Kb1 Rxc2 33.Rxc2 Qe1+ 34.Ka2 Bc5 35.h5 Qd1 36.Qc4 Ra8+
37.Kb3 Qf3+ 38.Rc3 Qd1+ 39.Rc2 Qxh5 40.Qxf4 Qd1 41.Qd2 Qb1 42.Kc4 Rb8 43.Qe2 Qa2+
44.Kc3 Qxd5  0-1

[Event "4th Karkonosze Open A"]
[Site "Karpacz POL"]
[Date "2011.02.22"]
[Round "2"]
[White "Lukasiewicz,Al"]
[Black "Kolosowski,M"]
[Result "0-1"]
[WhiteElo "1941"]
[BlackElo "2375"]

1.e4 c5 2.Nf3 Nc6 3.d4 cxd4 4.Nxd4 Qc7 5.Nc3 e6 6.Nxc6 bxc6 7.Bd3 Bd6 8.h3 Ne7
9.O-O Ng6 10.Ne2 c5 11.f4 c4 12.Bxc4 Qxc4 13.Qxd6 Qxe2 14.f5 Ne7 15.Bg5 f6
16.fxe6 Qb5 17.Be3 Qc6 18.Qb4 Qxe6 19.Bc5 Nc6 20.Qa4 Kf7 21.Rad1 Re8  0-1

[Event "61st ch-RUS w 1st League"]
[Site "Ivanovo RUS"]
[Date "2011.02.25"]
[Round "5"]
[White "Komiagina,M"]
[Black "Markelova,L"]
[Result "1/2-1/2"]
[WhiteElo "2272"]
[BlackElo "2076"]

1.e4 c5 2.Nf3 Nc6 3.d4 cxd4 4.Nxd4 Qb6 5.Nb3 Nf6 6.Nc3 e6 7.Bd3 a6 8.f4 d6
9.Qf3 Qc7 10.Be3 b5 11.g4 Bb7 12.g5 Nd7 13.O-O-O b4 14.Ne2 Na5 15.Kb1 Be7
16.Qh3 Nxb3 17.cxb3 Nc5 18.Bxc5 dxc5 19.g6 fxg6 20.Qxe6 Qc6 21.Qc4 O-O-O
22.Rhf1 Rhe8 23.a3 Kb8 24.Ka2 Bf8 25.Qc2 Qe6 26.Ng3 bxa3 27.bxa3 Qe7 28.Bc4 Rd4
29.e5 Red8 30.Ne2 Rxd1 31.Rxd1 Rxd1 32.Qxd1 Ka7 33.Qd2 g5 34.Qe3 gxf4 35.Nxf4 Qh4
36.h3 Qg5 37.b4 Ka8 38.Kb3 cxb4 39.axb4 Qf5 40.Bd3 Qf7+ 41.Bc4 Qf5 42.Nd3 Be7
43.Qb6 Qf1 44.Qf2 Qxh3 45.Qf7 Bd8 46.Qxg7 Qh1 47.Qg4 Qb1+ 48.Nb2 Qe4 49.Qg8 Qd4
50.e6 Ka7 51.Qxh7 Bf6 52.Qh2 Qc3+ 53.Ka2 Ka8 54.Qf2 Be7 55.Qb6 Qxb4 56.Qxb4 Bxb4
57.Kb3 Be7 58.Ka4 Kb8 59.Nd3 Kc7 60.Ne5 Kd6 61.Ng6 Bf6 62.Nf4 Ke5 63.Nd3+ Kd4
64.Kb3 Bd5 65.Bxd5 Kxd5 66.Nb4+ Kxe6  1/2-1/2

[Event "61st ch-RUS w 1st League"]
[Site "Ivanovo RUS"]
[Date "2011.03.01"]
[Round "9"]
[White "Sysoykina,L"]
[Black "Markelova,L"]
[Result "1-0"]
[WhiteElo "1943"]
[BlackElo "2076"]

1.e4 c5 2.Nf3 Nc6 3.d4 cxd4 4.Nxd4 Qb6 5.Nb5 a6 6.Be3 Qa5+ 7.N5c3 e6 8.Be2 Nf6
9.O-O b5 10.Nd2 Qc7 11.f4 d6 12.Bf3 Bb7 13.Qe1 Be7 14.Qg3 h5 15.e5 h4 16.Qg5 dxe5
17.fxe5 Nh5 18.Bxc6+ Qxc6 19.Qg4 Ng3 20.Rf3 Nf5 21.Nb3 g6 22.Bf2 Qc7 23.Rd3 Rh5
24.Qe2 Qc6 25.Qf3 Qc7 26.Qe2 Rg5 27.Ne4 Qxe5 28.Re1 Bxe4 29.Qxe4 Qxe4 30.Rxe4 Rh5
31.Na5 Rc8 32.c3 Nd6 33.Red4 Nc4 34.Nxc4 bxc4 35.Rd2 Rb5 36.Kf1 Bg5 37.Re2 Bc1
38.Rxh4 Rxb2 39.Ree4 Ke7 40.a4 Rc2 41.Be1 Bg5 42.Rhg4 f5 43.Rxc4 Rxc4 44.Rxc4 Rc1
45.Ke2 Kd6 46.Rb4 Kc6 47.Rc4+ Kd5 48.Rd4+ Kc6 49.Rc4+ Kd5 50.Rd4+ Ke5 51.h4 Be7
52.Bd2 Rg1 53.Bf4+ Kf6 54.Bg5+ Kf7 55.Rd7 Rxg2+ 56.Kf3 Rxg5 57.hxg5 Ke8 58.Ra7 Bxg5
59.Rxa6 Kf7 60.Rb6 Bd2 61.a5 Bxc3 62.a6 Bd4 63.Rb7+ Kf6 64.a7 Bxa7 65.Rxa7 g5
66.Ra6 Ke5 67.Ke3 f4+ 68.Kf3 Kf5 69.Ra8 g4+ 70.Kf2 e5 71.Rg8 g3+ 72.Kf3 e4+
73.Kg2 Ke5 74.Rg5+ Kd4 75.Rf5 Ke3 76.Rf6 f3+ 77.Kxg3 Ke2 78.Rf4 Ke3 79.Rg4 Kd3
80.Kf2 Kd4 81.Rg1  1-0

[Event "Ariston Tournament"]
[Site "Satu Mare ROU"]
[Date "2011.03.02"]
[Round "8.4"]
[White "Marchis,A"]
[Black "Posedaru,B"]
[Result "0-1"]
[WhiteElo "2037"]
[BlackElo "2322"]

1.e4 c5 2.Nf3 Nc6 3.d4 cxd4 4.Nxd4 Qb6 5.Nxc6 bxc6 6.Bd3 e5 7.O-O Nf6 8.Nc3 Be7
9.Rb1 O-O 10.Bg5 h6 11.Bxf6 Bxf6 12.Bc4 Be7 13.Qe2 Bb7 14.Rfd1 Rad8 15.Qg4 Qc5
16.Qe2 d5 17.Bd3 Bd6 18.Rf1 Qa5 19.a3 f5 20.f3 fxe4 21.fxe4 Qb6+ 22.Kh1 Rxf1+
23.Rxf1 Qxb2 24.Nd1 Qb6 25.Qg4 Ba6 26.Qg6 Bxd3 27.cxd3 Rf8 28.Rxf8+ Bxf8
29.Qe6+ Kh8 30.Qe8 Qc5 31.g3 Qxa3 32.Nf2 Qe7 33.Qxc6 Qc5 34.Qxc5 Bxc5 35.Nd1 dxe4
36.dxe4 Bd4 37.Kg2 a5  0-1

[Event "TCh-CZE 2010-11"]
[Site "Czech Rep CZE"]
[Date "2011.03.06"]
[Round "9.2"]
[White "Jurcik,Mari"]
[Black "Laznicka,V"]
[Result "1/2-1/2"]
[WhiteElo "2471"]
[BlackElo "2688"]

1.e4 c5 2.Nf3 Nc6 3.d4 cxd4 4.Nxd4 Qc7 5.Nc3 e6 6.Be3 a6 7.Bd3 Nf6 8.O-O Ne5
9.Nf3 Ng6 10.Na4 d6 11.Nb6 Rb8 12.h3 Be7 13.c4 Nd7 14.Nxc8 Rxc8 15.Rc1 O-O
16.b4 Rfd8 17.Qb3 h6 18.Rfd1 Qb8 19.a3 Rc7 20.Bf1 Rdc8 21.Qb2 Re8 22.Bd4 Bf8
23.Qd2 Qc8 24.Qb2 Rc6 25.Be3 Qd8 26.Qd2 Qb8  1/2-1/2

[Event "Stryi Spring Wins"]
[Site "Stryi UKR"]
[Date "2011.03.06"]
[Round "5.22"]
[White "Shapoval,V"]
[Black "Prokhorov,A1"]
[Result "1-0"]
[WhiteElo "2005"]
[BlackElo "2071"]

1.e4 c5 2.Nf3 Nc6 3.d4 cxd4 4.Nxd4 Qb6 5.Nb3 e6 6.Be3 Qc7 7.c4 Nf6 8.f3 d5
9.cxd5 exd5 10.exd5 Qe5 11.dxc6 Qxe3+ 12.Qe2 Bb4+ 13.N1d2 Qxe2+ 14.Bxe2 bxc6
15.O-O O-O 16.Bc4 Bf5 17.a3 Bd6 18.Nd4 Bg6 19.b4 c5 20.Nb5 Bf4 21.Ne4 Nxe4
22.fxe4 Be5 23.Rac1 a6 24.Nc3 cxb4 25.axb4 Rac8 26.Nd5 Bd6 27.e5 Rxc4 28.Rxc4 Bd3
29.exd6 Bxc4 30.Ne7+ Kh8 31.Rc1 Be6 32.Rc6 Ra8 33.Rb6 g6 34.Nc6 Kg7 35.Kf2 Kf6
36.Ke3 Bd7 37.Nb8 Ke6 38.Nxa6 Ke5 39.b5 Bxb5 40.Rxb5+ Kxd6 41.Rb6+ Ke5 42.Nb4 Ra3+
43.Nd3+ Kf5 44.Rb7 Kf6 45.Rd7 Ra2 46.Kf3 Ke6 47.Rd4 Rc2 48.h4 Ra2 49.g4 Kf6
50.Kf4 h6 51.Nc5 Rf2+ 52.Kg3 Rc2 53.Rf4+ Kg7 54.Ne4 Rc4 55.Rxf7+ Kg8 56.Rf4 Kg7
57.Nd6 Rc3+ 58.Rf3 Rc6 59.Ne8+ Kg8 60.Nf6+ Kg7 61.Ne4 Rc4 62.Kf4 Ra4 63.Rc3 Ra7
64.h5 gxh5 65.gxh5 Rf7+ 66.Kg4 Re7 67.Rc4 Ra7 68.Ng3 Ra5 69.Nf5+ Kf6 70.Nxh6 Rg5+
71.Kh4 Rg1 72.Ng4+ Kg7 73.Rc7+ Kg8 74.Kg5 Ra1 75.Kg6 Ra6+ 76.Nf6+ Kf8 77.h6 Ra1
78.h7 Rg1+ 79.Kh6 Rh1+ 80.Nh5  1-0

[Event "ch-Southern FR Men"]
[Site "Armavir RUS"]
[Date "2011.03.14"]
[Round "3"]
[White "Petrova,O"]
[Black "Karapetian,Ar"]
[Result "1/2-1/2"]
[WhiteElo "2230"]
[BlackElo "2056"]

1.e4 c5 2.Nf3 Nc6 3.d4 cxd4 4.Nxd4 Qc7 5.Nc3 e6 6.Be3 a6 7.Bd3 Nf6 8.O-O Nxd4
9.Bxd4 Bc5 10.Bxc5 Qxc5 11.Qe2 d6 12.a4 Bd7 13.a5 Qb4 14.Ra3 Bc6 15.f4 Qd4+
16.Kh1 e5 17.Nd1 exf4 18.Rxf4 O-O 19.Qf2 Qxf2 20.Nxf2 Rfe8 21.c4 d5 22.cxd5 Bxd5
23.Ra1 Bc6 24.Rf1 Rad8 25.Bc4 Rd4 26.b3 h5 27.Kg1 Re5 28.h3 Rd2 29.Re1 Rd4
30.g3 Kf8 31.Re3 Rd7 32.Nd3 Rxe4 33.Rexe4 Bxe4 34.Nc5 Rd1+ 35.Kf2 Bc6 36.g4 hxg4
37.hxg4 Rd2+ 38.Kf1 Rd1+ 39.Kf2 Rd2+ 40.Kf1 Nd5 41.Rf3 Ke7 42.g5 Rd4 43.Nd3 Re4
44.Kf2 f6  1/2-1/2

[Event "ch-Southern FR Men"]
[Site "Armavir RUS"]
[Date "2011.03.16"]
[Round "5"]
[White "Gulinsky,V"]
[Black "Karapetian,Ar"]
[Result "1/2-1/2"]
[WhiteElo "2030"]
[BlackElo "2056"]

1.e4 c5 2.Nf3 Nc6 3.d4 cxd4 4.Nxd4 Qc7 5.Nc3 e6 6.g3 a6 7.Bg2 Nf6 8.O-O b5
9.Nxc6 dxc6 10.e5 Nd5 11.Qd4 Bb7 12.Bf4 Rd8 13.Rad1 Be7 14.Qd2 O-O 15.Ne4 Rd7
16.Nc3 Rfd8 17.Nxd5 cxd5 18.c3 Rc8 19.Qd4 Qa5 20.a3 Rdc7 21.Qd2 Rc4 22.Be3 Qc7
23.f4 a5 24.Qf2 b4 25.axb4 axb4 26.Bd4 bxc3 27.bxc3 Bc5 28.Qe3 Ba6 29.Rf3 Bxd4
30.cxd4 Rc2 31.Bf1 Bxf1 32.Rdxf1 Qa5 33.f5 Qa2 34.R3f2 exf5 35.e6 Rxf2 36.Rxf2 Qb1+
37.Kg2 Qe4+ 38.Qxe4 dxe4 39.exf7+ Kf8 40.Rxf5 Rd8  1/2-1/2

[Event "ch-Southern FR Men"]
[Site "Armavir RUS"]
[Date "2011.03.20"]
[Round "9"]
[White "Perekrestov,Viktor"]
[Black "Karapetian,Ar"]
[Result "1-0"]
[WhiteElo "1884"]
[BlackElo "2056"]

1.e4 c5 2.Nf3 Nc6 3.d4 cxd4 4.Nxd4 Qc7 5.Nc3 e6 6.Ndb5 Qb8 7.Be3 a6 8.Bb6 axb5
9.Nxb5 Qe5 10.Nc7+ Ke7 11.Nxa8 Qxe4+ 12.Be2 d6 13.O-O Qb4 14.Qd3 Nf6 15.Qb3 Nd7
16.Qxb4 Nxb4 17.Be3 Nd5 18.c4 Nxe3 19.fxe3 Ne5 20.Nb6 Bd7 21.Nxd7 Kxd7 22.b4 Be7
23.a4 Bg5 24.Ra3 Rf8 25.a5 f6 26.Rc1 d5 27.c5 Kc7 28.Rcc3 Ra8 29.b5 g6 30.a6 b6
31.a7 Kb7 32.cxb6 Kxb6 33.Ra6+ Kb7 34.Rxe6 Rxa7 35.Re7+ Kb6 36.Rxa7 Kxa7
37.Ra3+ Kb7 38.Kf2 Bh6 39.Ra6 Bg5 40.Rd6 Nc4 41.Bxc4 dxc4 42.Rc6 c3 43.Rxc3  1-0

[Event "ch-Southern FR Men"]
[Site "Armavir RUS"]
[Date "2011.03.20"]
[Round "9"]
[White "Danielyan,Levon"]
[Black "Kudelya,I"]
[Result "0-1"]
[WhiteElo "2051"]
[BlackElo "1976"]

1.e4 c5 2.Ne2 Nc6 3.d4 cxd4 4.Nxd4 Qc7 5.Nc3 e6 6.g3 a6 7.Bg2 Nf6 8.O-O Nxd4
9.Qxd4 Bc5 10.Qd3 d6 11.Be3 Bxe3 12.Qxe3 O-O 13.h3 e5 14.Rfd1 b5 15.Qd3 Rd8
16.g4 h6 17.Nd5 Nxd5 18.exd5 b4 19.a3 Rb8 20.a4 a5 21.Be4 Qe7 22.Qg3 Qg5
23.Kh2 Bd7 24.Rd3 Rbc8 25.Rf3 Rc4 26.Bd3 Rd4 27.c3 bxc3 28.bxc3 Rxa4 29.Rxa4 Bxa4
30.Rf5 Qe7 31.g5 hxg5 32.Rxg5 Qf6 33.Rf5 Qh6 34.Qf3 Be8 35.c4 Rc8 36.Be2 a4
37.Qc3 Bd7 38.Rf3 Bg4 39.Qb4 Bxf3 40.Bxf3 Qf4+ 41.Kg2 e4 42.Be2  0-1

[Event "ch-POR Youth U18"]
[Site "Torres Vedras POR"]
[Date "2011.04.14"]
[Round "7.3"]
[White "Margarido,J"]
[Black "Mateus,F"]
[Result "1/2-1/2"]
[WhiteElo "1784"]
[BlackElo "2066"]

1.e4 c5 2.Nf3 Nc6 3.d4 cxd4 4.Nxd4 Qb6 5.Nb3 Nf6 6.Nc3 e6 7.Be3 Qc7 8.Be2 a6
9.f4 d6 10.a4 Na5 11.Nxa5 Qxa5 12.O-O Bd7 13.Bf3 Bc6 14.g4 Be7 15.Bg2 O-O
16.g5 Nd7 17.Qh5 g6 18.Qh4 Rfe8 19.Rf3 d5 20.Bd4 h5 21.e5 Bc5 22.Qf2 Bf8
23.Rg3 b5 24.Bf3 Bg7 25.Kh1 Rab8 26.Bxh5 gxh5 27.Qf3 h4 28.Rh3 Nf8 29.Rxh4 Ng6
30.Rh6 Qb4 31.Ne2 Bxh6 32.gxh6 Qf8 33.Rg1 Kh7 34.f5 Qxh6 35.fxg6+ fxg6 36.Be3 d4
37.Qxc6 Qxe3 38.Rg3 Qxe2 39.Qd7+ Kh6 40.Rh3+ Kg5 41.Rg3+ Kf5 42.Qf7+ Kxe5
43.Qc7+ Kf6 44.Qf4+ Ke7 45.Qc7+ Kf8 46.Qf4+ Ke7 47.Qc7+ Kf8 48.Qf4+ Ke7 49.Qc7+ Kf6
50.Qf4+ Kg7 51.Qc7+ Kh8 52.Rh3+ Kg8 53.Qh7+  1/2-1/2

[Event "CCF Easter IM Norm"]
[Site "Coulsdon ENG"]
[Date "2011.04.21"]
[Round "8"]
[White "Lenier,J"]
[Black "Lalic,B"]
[Result "0-1"]
[WhiteElo "2023"]
[BlackElo "2474"]

1.e4 c5 2.Nf3 Nc6 3.d4 cxd4 4.Nxd4 Qb6 5.Nb3 Nf6 6.Nc3 e6 7.Be3 Qc7 8.a3 a6
9.Bd3 b5 10.O-O Be7 11.f4 d6 12.Kh1 O-O 13.Nd4 Nxd4 14.Bxd4 e5 15.Be3 exf4
16.Bxf4 Be6 17.Qe2 Nd7 18.Nd5 Bxd5 19.exd5 Bf6 20.c3 Be5 21.Bc2 Bxf4 22.Rxf4 g6
23.Rh4 Ne5 24.a4 f5 25.h3 Qc5 26.Qd2 Rae8 27.axb5 axb5 28.b4 Qb6 29.Bb3 Ra8
30.Re1 Rfe8 31.c4 bxc4 32.Bxc4 Ra7 33.Bb3 Ra3 34.Qh6 Qa7 35.Bc2 Re7 36.Qd2 Ra2
37.Rc1 Rc7 38.Kh2 Qa3 39.b5 Qc5 40.b6 Qxb6 41.Rb4 Rcxc2  0-1

[Event "15th Neckar Open"]
[Site "Deizisau GER"]
[Date "2011.04.22"]
[Round "3"]
[White "Majdan,J"]
[Black "Yemelin,V"]
[Result "1-0"]
[WhiteElo "2325"]
[BlackElo "2575"]

1.e4 c5 2.Nf3 Nc6 3.d4 cxd4 4.Nxd4 Qb6 5.Nb3 Nf6 6.Nc3 e6 7.Bd3 d6 8.Be3 Qc7
9.f4 a6 10.Qf3 b5 11.a3 Bb7 12.O-O g6 13.Rad1 b4 14.axb4 Nxb4 15.Qe2 Be7
16.e5 dxe5 17.fxe5 Nd7 18.Be4 O-O 19.Bxb7 Qxb7 20.Bh6 Rfd8 21.Qf2 Nxe5 22.Rde1 Nbc6
23.Na5 Qa7 24.Be3 Qd7 25.Nxc6 Qxc6 26.Bb6 Rab8 27.Bd4 Rxd4 28.Rxe5 f6 29.Rxe6 Qxe6
30.Qxd4 Qb6 31.Qxb6 Rxb6 32.Rb1 Rd6 33.Rd1 Rxd1+ 34.Nxd1 Kf7 35.Kf2 Ke6 36.Kf3 Ke5
37.Nf2 Kd4 38.g4 Bd6 39.h4 a5 40.h5 gxh5 41.gxh5 Ke5 42.Ne4 Be7 43.Nd2 Kd5
44.Kf4 Ke6 45.Nc4 Bd8 46.Ne3 a4 47.Ke4 Bc7 48.Nf5 Be5 49.c3 Kd7 50.Kd5 Bf4
51.Nd4 Bc1 52.Ne6 Bxb2 53.Nc5+ Ke7 54.Nxa4 Ba3 55.Nb6 Kf7 56.Nc4 Bc1 57.Nd6+ Ke7
58.c4 Bf4 59.Nf5+ Kd7 60.c5 Be5 61.Ne3 Bf4 62.Nf5 Kc7 63.Ng7 Bg3 64.Ne8+ Kd7
65.Nxf6+ Ke7 66.Nxh7 Bh4 67.c6  1-0

[Event "ch-RUS Rapid Women"]
[Site "Olginka RUS"]
[Date "2011.04.26"]
[Round "8"]
[White "Ambartsumova,K"]
[Black "Galliamova,A"]
[Result "0-1"]
[WhiteElo "2308"]
[BlackElo "2497"]

1.e4 c5 2.Nf3 Nc6 3.d4 cxd4 4.Nxd4 Qb6 5.Nb3 Nf6 6.Nc3 e6 7.Be3 Qc7 8.Bd3 Bb4
9.O-O Bxc3 10.bxc3 O-O 11.f4 d6 12.Kh1 b6 13.Qe1 Bb7 14.Rd1 Ne7 15.Bc1 Ng6
16.Nd4 a6 17.f5 exf5 18.exf5 Ne5 19.Bg5 Ned7 20.Qg3 Kh8 21.Rfe1 Rfe8 22.Nf3 Qxc3
23.Qxd6 Bxf3 24.Rxe8+ Nxe8  0-1

[Event "ch-UKR semi-final"]
[Site "Alushta UKR"]
[Date "2011.05.04"]
[Round "2.54"]
[White "Bezkorovaina,M"]
[Black "Kigel,D"]
[Result "1/2-1/2"]
[WhiteElo "1990"]
[BlackElo "2198"]

1.e4 c5 2.Nf3 Nc6 3.d4 cxd4 4.Nxd4 Qb6 5.Nb3 Nf6 6.Nc3 e6 7.Be3 Qc7 8.a3 a6
9.f4 d6 10.Be2 b5 11.Bf3 Bb7 12.O-O Be7 13.Qe1 O-O 14.Qg3 Rac8 15.Rad1 Rfe8
16.e5 Nd7 17.exd6 Bxd6 18.Ne4 Be7 19.Nbc5 Nxc5 20.Nxc5 Bxc5 21.Bxc5 Ne7 22.Bxe7 Qxe7
23.Bxb7 Qxb7 24.Rd2 Red8 25.Rfd1 Rxd2 26.Rxd2 Qe4 27.Qh4 g6 28.Rd8+ Rxd8
29.Qxd8+ Kg7 30.Qd2 h5 31.Kf2 h4 32.Qc3+ Kg8 33.Qc8+ Kh7 34.Qc7 Qd4+ 35.Kf3 Qd1+
36.Kf2 Qd2+ 37.Kf3  1/2-1/2

[Event "Sten Open"]
[Site "Hradec Kralove CZE"]
[Date "2011.05.08"]
[Round "1"]
[White "Kotva,M"]
[Black "Vorel,B"]
[Result "1-0"]
[WhiteElo "2042"]
[BlackElo "1744"]

1.e4 c5 2.Nf3 Nc6 3.d4 cxd4 4.Nxd4 Qb6 5.Nb3 Nf6 6.Nc3 e6 7.Be3 Qc7 8.Bd3 Bb4
9.O-O Bxc3 10.bxc3 O-O 11.f4 d6 12.g4 Bd7 13.g5 Ne8 14.Qh5 g6 15.Qh6 f5 16.exf5 exf5
17.Bc4+  1-0

[Event "TCh-HUN 2010-11"]
[Site "Mako HUN"]
[Date "2011.05.15"]
[Round "11"]
[White "Horvath,Ad1"]
[Black "Mihok,O"]
[Result "1-0"]
[WhiteElo "2493"]
[BlackElo "2463"]

1.e4 c5 2.Nf3 Nc6 3.d4 cxd4 4.Nxd4 Qb6 5.Nb3 Nf6 6.Nc3 e6 7.Bd3 a6 8.Be3 Qc7
9.g4 h5 10.gxh5 Nxh5 11.Qd2 Bd6 12.O-O-O Bf4 13.Ne2 Bxe3 14.Qxe3 d6 15.Nc3 Bd7
16.Be2 g6 17.Rd2 O-O-O 18.Rhd1 Be8 19.f4 Kb8 20.a3 Ne7 21.Kb1 Bc6 22.Nd4 Nf6
23.Bf1 e5 24.fxe5 dxe5 25.Nf3 Rxd2 26.Rxd2 Ng4 27.Qg1 f5 28.Ng5 Nf6 29.Ne6 Qc8
30.exf5 Nxf5 31.Bc4 Ne4 32.Nxe4 Bxe4 33.Nc5 Nd4 34.Nxe4 Qxc4 35.Qxg6 Rg8
36.Qd6+ Ka8 37.Ng3 Nf3 38.Rd3 Nxh2 39.Qxe5 Ng4 40.Qe7 Nf2 41.Rd2 Qf4 42.Rd8+ Rxd8
43.Qxd8+ Ka7 44.Ne2 Qe3 45.Nd4 Ne4 46.Nb3 Nc5 47.Nxc5 Qxc5 48.Qd3 Qg1+ 49.Ka2 Qg8+
50.Qb3 Qg1 51.Qd5 Qf2 52.c3 Qf1 53.a4 Qe2 54.Qd4+ Ka8 55.c4 Qc2 56.Ka3 Qc1
57.c5 Qa1+ 58.Kb3 Qh1 59.Kb4 Qe1+ 60.Qc3 Qe8 61.c6 Qxc6 62.Qxc6 bxc6 63.Kc5 Kb7
64.a5 Kc7 65.b3 Kb7 66.Kd6 c5 67.Kd7 Kb8 68.Kc6 Ka7 69.Kc7  1-0

[Event "Serbian Cup 2011"]
[Site "Valjevo SRB"]
[Date "2011.05.16"]
[Round "1.3"]
[White "Cvetanovic,U"]
[Black "Miladinovic,I"]
[Result "0-1"]
[WhiteElo "2231"]
[BlackElo "2561"]

1.e4 c5 2.Nf3 Nc6 3.d4 cxd4 4.Nxd4 Qc7 5.Nc3 e6 6.Be3 a6 7.Bd3 Nf6 8.O-O h5
9.h3 b5 10.Qe2 Bb7 11.f4 b4 12.Na4 Nxd4 13.Bxd4 Qc6 14.Nb6 Rb8 15.e5 Bc5
16.Bxc5 Qxc5+ 17.Qf2 Ne4 18.Bxe4 Qxf2+ 19.Rxf2 Bxe4 20.Nc4 Ke7 21.Re1 Bd5
22.Ne3 Bc6 23.f5 Rb5 24.Nc4 Rc5 25.b3 exf5 26.Rxf5 Bd5 27.Ne3 Be6 28.Rf4 Rb8
29.Re2 Ra5 30.Nf5+ Kf8 31.Nd6 Kg8 32.Ref2 Rxa2 33.Nxf7 Rc8 34.Ng5 a5 35.Nxe6 dxe6
36.Rc4 Rxc4 37.bxc4 Ra1+ 38.Kh2 Re1 39.Rd2 Rxe5 40.Rd8+ Kf7 41.Rc8 h4 42.c5 Ke7
43.Rc7+ Kd8 44.Rxg7 Rxc5  0-1

[Event "20th Croatian Cup"]
[Site "Sibenik CRO"]
[Date "2011.05.18"]
[Round "1.31"]
[White "Jelecevic,I"]
[Black "Kurajica,B"]
[Result "0-1"]
[WhiteElo "2194"]
[BlackElo "2531"]

1.e4 c5 2.Nf3 Nc6 3.d4 cxd4 4.Nxd4 Qb6 5.Nb3 Nf6 6.Nc3 e6 7.Bd3 Be7 8.f4 O-O
9.Qe2 Nb4 10.Bd2 Nxd3+ 11.cxd3 d6 12.g4 Nd7 13.g5 Re8 14.O-O-O a5 15.Be3 Qa6
16.Nd4 Nc5 17.Ndb5 Qc6 18.Qc2 Bd7 19.a4 Rec8 20.Kb1 Qa6 21.Bxc5 Rxc5 22.Qd2 Rac8
23.Rc1 d5 24.d4 Rc4 25.b3 Rb4 26.Ka2 dxe4 27.Nxe4 Bc6 28.Nc5 Bxc5 29.Rxc5 b6
30.Rxc6 Rxc6 31.Re1 Rc8 32.h4 Qa8 33.Kb2 Qd5 34.Qd3 Rd8 35.Rc1 Qg2+ 36.Rc2 Qg4
37.Qe4 Qg3 38.Rc3 Qxh4 39.Qe5 Qf2+ 40.Rc2 Qf3 41.Rc3 Qd5 42.Qxd5 exd5 43.Rc6 h6
44.gxh6 gxh6 45.Rxh6 Re8 46.Rh3 Re4 47.Rf3 Rxb5 48.axb5 Rxd4 49.f5 Kg7 50.Rc3 Rb4
51.Rc6 Rxb5  0-1

[Event "20th Croatian Cup"]
[Site "Sibenik CRO"]
[Date "2011.05.19"]
[Round "2.12"]
[White "Jukic,B"]
[Black "Kozul,Z"]
[Result "0-1"]
[WhiteElo "2379"]
[BlackElo "2555"]

1.e4 c5 2.Nf3 Nc6 3.d4 cxd4 4.Nxd4 Qb6 5.Nb3 Nf6 6.Nc3 e6 7.Be3 Qc7 8.f4 Bb4
9.Bd3 Bxc3+ 10.bxc3 d6 11.O-O O-O 12.Qf3 b6 13.Rae1 Bb7 14.Qh3 e5 15.f5 Nb8
16.c4 Nbd7 17.Nd2 Ne8 18.Rf3 f6 19.Qh4 Rf7 20.Nb1 a6 21.a4 b5 22.cxb5 axb5
23.axb5 Ra4 24.Rh3 h6 25.Nd2 d5 26.Bxh6 gxh6 27.Qxh6 Rg7 28.Qh8+ Kf7 29.Be2 Ke7
30.Bh5 Nf8 31.Bxe8 Kxe8 32.exd5 Bxd5 33.Qh5+ Ke7 34.Rg3 Qc5+ 35.Kf1 Rf4+  0-1